000 00301nam a2200133Ia 4500
003 Ost
005 20260225132542.0
008 260225s9999||||xx |||||||||||||| ||und||
040 _cfsic
041 _afre
082 _a440
245 0 _aguide d'education et de formation syndicale /
942 _cكتاب
999 _c33589
_d33589